<?xml version="1.0" encoding="UTF-8"?><marc:collection xmlns:marc="http://www.loc.gov/MARC21/slim">
  <marc:record>
    <marc:leader>04783cam a2200661 c 4500</marc:leader>
    <marc:controlfield tag="001">1928567312</marc:controlfield>
    <marc:controlfield tag="003">DE-627</marc:controlfield>
    <marc:controlfield tag="005">20260622223155.0</marc:controlfield>
    <marc:controlfield tag="007">cr uuu---uuuuu</marc:controlfield>
    <marc:controlfield tag="008">250618s1985    gw |||||o     00| ||ger c</marc:controlfield>
    <marc:datafield tag="035" ind1=" " ind2=" ">
      <marc:subfield code="a">(DE-627)1928567312</marc:subfield>
    </marc:datafield>
    <marc:datafield tag="035" ind1=" " ind2=" ">
      <marc:subfield code="a">(DE-599)KXP1928567312</marc:subfield>
    </marc:datafield>
    <marc:datafield tag="040" ind1=" " ind2=" ">
      <marc:subfield code="a">DE-627</marc:subfield>
      <marc:subfield code="b">ger</marc:subfield>
      <marc:subfield code="c">DE-627</marc:subfield>
      <marc:subfield code="e">rakwb</marc:subfield>
    </marc:datafield>
    <marc:datafield tag="041" ind1=" " ind2=" ">
      <marc:subfield code="a">ger</marc:subfield>
    </marc:datafield>
    <marc:datafield tag="044" ind1=" " ind2=" ">
      <marc:subfield code="c">XA-DE</marc:subfield>
      <marc:subfield code="c">XD-US</marc:subfield>
    </marc:datafield>
    <marc:datafield tag="082" ind1="0" ind2=" ">
      <marc:subfield code="a">306/.36</marc:subfield>
    </marc:datafield>
    <marc:datafield tag="084" ind1=" " ind2=" ">
      <marc:subfield code="a">18</marc:subfield>
      <marc:subfield code="a">14</marc:subfield>
      <marc:subfield code="a">53</marc:subfield>
      <marc:subfield code="2">sdnb</marc:subfield>
    </marc:datafield>
    <marc:datafield tag="084" ind1=" " ind2=" ">
      <marc:subfield code="a">MS 1420</marc:subfield>
      <marc:subfield code="2">rvk</marc:subfield>
      <marc:subfield code="0">(DE-625)rvk/123595:</marc:subfield>
    </marc:datafield>
    <marc:datafield tag="084" ind1=" " ind2=" ">
      <marc:subfield code="a">QP 413</marc:subfield>
      <marc:subfield code="2">rvk</marc:subfield>
      <marc:subfield code="0">(DE-625)rvk/141880:</marc:subfield>
    </marc:datafield>
    <marc:datafield tag="084" ind1=" " ind2=" ">
      <marc:subfield code="a">MS 5200</marc:subfield>
      <marc:subfield code="2">rvk</marc:subfield>
      <marc:subfield code="0">(DE-625)rvk/123722:</marc:subfield>
    </marc:datafield>
    <marc:datafield tag="084" ind1=" " ind2=" ">
      <marc:subfield code="a">MS 2600</marc:subfield>
      <marc:subfield code="2">rvk</marc:subfield>
      <marc:subfield code="0">(DE-625)rvk/123641:</marc:subfield>
    </marc:datafield>
    <marc:datafield tag="084" ind1=" " ind2=" ">
      <marc:subfield code="a">QV 020</marc:subfield>
      <marc:subfield code="2">rvk</marc:subfield>
      <marc:subfield code="0">(DE-625)rvk/142135:</marc:subfield>
    </marc:datafield>
    <marc:datafield tag="084" ind1=" " ind2=" ">
      <marc:subfield code="a">MS 5000</marc:subfield>
      <marc:subfield code="2">rvk</marc:subfield>
      <marc:subfield code="0">(DE-625)rvk/123721:</marc:subfield>
    </marc:datafield>
    <marc:datafield tag="100" ind1="1" ind2=" ">
      <marc:subfield code="a">Alheit, Peter</marc:subfield>
      <marc:subfield code="d">1946-</marc:subfield>
      <marc:subfield code="e">VerfasserIn</marc:subfield>
      <marc:subfield code="0">(DE-588)118026836</marc:subfield>
      <marc:subfield code="0">(DE-627)079199054</marc:subfield>
      <marc:subfield code="0">(DE-576)291674941</marc:subfield>
      <marc:subfield code="4">aut</marc:subfield>
    </marc:datafield>
    <marc:datafield tag="245" ind1="1" ind2="0">
      <marc:subfield code="a">Arbeitsleben</marc:subfield>
      <marc:subfield code="b">eine qualitative Untersuchung von Arbeiterlebensgeschichten</marc:subfield>
      <marc:subfield code="c">Peter Alheit, Bettina Dausien</marc:subfield>
    </marc:datafield>
    <marc:datafield tag="264" ind1=" " ind2="1">
      <marc:subfield code="a">Frankfurt/Main</marc:subfield>
      <marc:subfield code="a">New York</marc:subfield>
      <marc:subfield code="b">Campus Verlag</marc:subfield>
      <marc:subfield code="c">1985</marc:subfield>
    </marc:datafield>
    <marc:datafield tag="300" ind1=" " ind2=" ">
      <marc:subfield code="a">1 Online-Ressource (322 Seiten)</marc:subfield>
      <marc:subfield code="b">graph. Darst.</marc:subfield>
    </marc:datafield>
    <marc:datafield tag="336" ind1=" " ind2=" ">
      <marc:subfield code="a">Text</marc:subfield>
      <marc:subfield code="b">txt</marc:subfield>
      <marc:subfield code="2">rdacontent</marc:subfield>
    </marc:datafield>
    <marc:datafield tag="337" ind1=" " ind2=" ">
      <marc:subfield code="a">Computermedien</marc:subfield>
      <marc:subfield code="b">c</marc:subfield>
      <marc:subfield code="2">rdamedia</marc:subfield>
    </marc:datafield>
    <marc:datafield tag="338" ind1=" " ind2=" ">
      <marc:subfield code="a">Online-Ressource</marc:subfield>
      <marc:subfield code="b">cr</marc:subfield>
      <marc:subfield code="2">rdacarrier</marc:subfield>
    </marc:datafield>
    <marc:datafield tag="500" ind1=" " ind2=" ">
      <marc:subfield code="a">Literaturverzeichnis: Seite 294 - 302</marc:subfield>
    </marc:datafield>
    <marc:datafield tag="520" ind1=" " ind2=" ">
      <marc:subfield code="a">Arbeit ist mehr als das - "halbe Leben". Gerade in Arbeiterlebensgeschichten wird die zentrale Funktion der Arbeitserfahrung für den biographischen Verlauf und für die Identität des Erzählers deutlich. Das ist das Ergebnis einer qualitativen Untersuchung autobiographischer Erzählungen von Arbeiterinnen und Arbeitern, die skeptisch macht gegenüber den "antiproduktivistischen" Modethesen der zeitgenössischen Soziologie; die allerdings zugleich für eine Erweiterung des traditionellen Arbeitsbegriffs plädiert. Bemerkenswert ist schließlich, daß die Untersuchung den aufwendigen methodischen Zugang zu ihrem Forschungsmaterial besonders sorgfältig dokumentiert. Damit wird sie - über ihre wissenschaftliche Fragestellung hinaus - zu einer exemplarischen Einführung in die "biographische Forschung".</marc:subfield>
    </marc:datafield>
    <marc:datafield tag="650" ind1=" " ind2="4">
      <marc:subfield code="a">Arbeit</marc:subfield>
    </marc:datafield>
    <marc:datafield tag="650" ind1=" " ind2="4">
      <marc:subfield code="a">Lebensverlaufsforschung</marc:subfield>
    </marc:datafield>
    <marc:datafield tag="650" ind1=" " ind2="4">
      <marc:subfield code="a">Arbeiter</marc:subfield>
    </marc:datafield>
    <marc:datafield tag="650" ind1=" " ind2="4">
      <marc:subfield code="a">Leistungsgesellschaft</marc:subfield>
    </marc:datafield>
    <marc:datafield tag="650" ind1=" " ind2="4">
      <marc:subfield code="a">Autobiographie</marc:subfield>
    </marc:datafield>
    <marc:datafield tag="689" ind1="0" ind2="0">
      <marc:subfield code="D">s</marc:subfield>
      <marc:subfield code="0">(DE-588)4112560-5</marc:subfield>
      <marc:subfield code="0">(DE-627)105836281</marc:subfield>
      <marc:subfield code="0">(DE-576)20946898X</marc:subfield>
      <marc:subfield code="a">Arbeiter</marc:subfield>
      <marc:subfield code="2">gnd</marc:subfield>
    </marc:datafield>
    <marc:datafield tag="689" ind1="0" ind2="1">
      <marc:subfield code="D">s</marc:subfield>
      <marc:subfield code="0">(DE-588)4006804-3</marc:subfield>
      <marc:subfield code="0">(DE-627)104213493</marc:subfield>
      <marc:subfield code="0">(DE-576)208867147</marc:subfield>
      <marc:subfield code="a">Biografie</marc:subfield>
      <marc:subfield code="2">gnd</marc:subfield>
    </marc:datafield>
    <marc:datafield tag="689" ind1="0" ind2=" ">
      <marc:subfield code="5">(DE-627)</marc:subfield>
    </marc:datafield>
    <marc:datafield tag="700" ind1="1" ind2=" ">
      <marc:subfield code="a">Dausien, Bettina</marc:subfield>
      <marc:subfield code="e">VerfasserIn</marc:subfield>
      <marc:subfield code="0">(DE-588)120387468</marc:subfield>
      <marc:subfield code="0">(DE-627)080642691</marc:subfield>
      <marc:subfield code="0">(DE-576)160680158</marc:subfield>
      <marc:subfield code="4">aut</marc:subfield>
    </marc:datafield>
    <marc:datafield tag="776" ind1="1" ind2=" ">
      <marc:subfield code="z">3593335026</marc:subfield>
    </marc:datafield>
    <marc:datafield tag="776" ind1="0" ind2="8">
      <marc:subfield code="i">Erscheint auch als</marc:subfield>
      <marc:subfield code="n">Druck-Ausgabe</marc:subfield>
      <marc:subfield code="a">Alheit, Peter, 1946 - </marc:subfield>
      <marc:subfield code="t">Arbeitsleben</marc:subfield>
      <marc:subfield code="d">Frankfurt/Main : Campus Verlag, 1985</marc:subfield>
      <marc:subfield code="h">322 Seiten</marc:subfield>
      <marc:subfield code="w">(DE-627)023105852</marc:subfield>
      <marc:subfield code="w">(DE-576)025541811</marc:subfield>
      <marc:subfield code="z">3593335026</marc:subfield>
    </marc:datafield>
    <marc:datafield tag="856" ind1="4" ind2="0">
      <marc:subfield code="u">https://nbn-resolving.org/urn:nbn:de:0168-ssoar-27761</marc:subfield>
      <marc:subfield code="x">Resolving-System</marc:subfield>
      <marc:subfield code="z">kostenfrei</marc:subfield>
      <marc:subfield code="7">0</marc:subfield>
    </marc:datafield>
    <marc:datafield tag="856" ind1="4" ind2="2">
      <marc:subfield code="u">http://d-nb.info/850408334/04</marc:subfield>
      <marc:subfield code="m">B:DE-101</marc:subfield>
      <marc:subfield code="q">application/pdf</marc:subfield>
      <marc:subfield code="v">20130501</marc:subfield>
      <marc:subfield code="x">Verlag</marc:subfield>
      <marc:subfield code="3">Inhaltsverzeichnis</marc:subfield>
      <marc:subfield code="7">1</marc:subfield>
    </marc:datafield>
    <marc:datafield tag="912" ind1=" " ind2=" ">
      <marc:subfield code="a">SSG-OLC-pha</marc:subfield>
    </marc:datafield>
    <marc:datafield tag="924" ind1="1" ind2=" ">
      <marc:subfield code="a">4735930949</marc:subfield>
      <marc:subfield code="b">DE-Frei160</marc:subfield>
      <marc:subfield code="9">Frei 160</marc:subfield>
      <marc:subfield code="c">BSZ</marc:subfield>
      <marc:subfield code="d">d</marc:subfield>
      <marc:subfield code="k">https://nbn-resolving.org/urn:nbn:de:0168-ssoar-27761</marc:subfield>
    </marc:datafield>
    <marc:datafield tag="924" ind1="1" ind2=" ">
      <marc:subfield code="a">4745094256</marc:subfield>
      <marc:subfield code="b">LFER</marc:subfield>
      <marc:subfield code="9">LFER</marc:subfield>
      <marc:subfield code="c">BSZ</marc:subfield>
      <marc:subfield code="d">d</marc:subfield>
      <marc:subfield code="k">https://nbn-resolving.org/urn:nbn:de:0168-ssoar-27761</marc:subfield>
    </marc:datafield>
    <marc:datafield tag="936" ind1="r" ind2="v">
      <marc:subfield code="a">MS 1420</marc:subfield>
      <marc:subfield code="b">Unterschicht, Arbeiterklasse</marc:subfield>
      <marc:subfield code="k">Soziologie</marc:subfield>
      <marc:subfield code="k">Spezielle Soziologien</marc:subfield>
      <marc:subfield code="k">Soziale Ungleichheit; Schichten,Klassen und Milieu</marc:subfield>
      <marc:subfield code="k">Unterschicht, Arbeiterklasse</marc:subfield>
      <marc:subfield code="0">(DE-627)1271440822</marc:subfield>
      <marc:subfield code="0">(DE-625)rvk/123595:</marc:subfield>
      <marc:subfield code="0">(DE-576)201440822</marc:subfield>
    </marc:datafield>
    <marc:datafield tag="936" ind1="r" ind2="v">
      <marc:subfield code="a">QP 413</marc:subfield>
      <marc:subfield code="b">Arbeitswissenschaft</marc:subfield>
      <marc:subfield code="k">Wirtschaftswissenschaften</marc:subfield>
      <marc:subfield code="k">Allgemeine Betriebswirtschaftslehre</marc:subfield>
      <marc:subfield code="k">Aufbauelemente des Unternehmens</marc:subfield>
      <marc:subfield code="k">Arbeitseinsatz</marc:subfield>
      <marc:subfield code="k">Arbeitswissenschaft</marc:subfield>
      <marc:subfield code="0">(DE-627)1270930923</marc:subfield>
      <marc:subfield code="0">(DE-625)rvk/141880:</marc:subfield>
      <marc:subfield code="0">(DE-576)200930923</marc:subfield>
    </marc:datafield>
    <marc:datafield tag="936" ind1="r" ind2="v">
      <marc:subfield code="a">MS 5200</marc:subfield>
      <marc:subfield code="b">Beruf und Spezialisierung (allgemeines)</marc:subfield>
      <marc:subfield code="k">Soziologie</marc:subfield>
      <marc:subfield code="k">Spezielle Soziologien</marc:subfield>
      <marc:subfield code="k">Wirtschafts-, Industrie- und Techniksoziologie</marc:subfield>
      <marc:subfield code="k">Beruf und Spezialisierung (allgemeines)</marc:subfield>
      <marc:subfield code="0">(DE-627)1271304449</marc:subfield>
      <marc:subfield code="0">(DE-625)rvk/123722:</marc:subfield>
      <marc:subfield code="0">(DE-576)201304449</marc:subfield>
    </marc:datafield>
    <marc:datafield tag="936" ind1="r" ind2="v">
      <marc:subfield code="a">MS 2600</marc:subfield>
      <marc:subfield code="b">Erwachsenensoziologie, Biografie, Lebensverlauf, Lebensverlaufsforschung</marc:subfield>
      <marc:subfield code="k">Soziologie</marc:subfield>
      <marc:subfield code="k">Spezielle Soziologien</marc:subfield>
      <marc:subfield code="k">Erwachsenensoziologie, Biografie, Lebensverlauf, Lebensverlaufsforschung</marc:subfield>
      <marc:subfield code="0">(DE-627)1271441020</marc:subfield>
      <marc:subfield code="0">(DE-625)rvk/123641:</marc:subfield>
      <marc:subfield code="0">(DE-576)201441020</marc:subfield>
    </marc:datafield>
    <marc:datafield tag="936" ind1="r" ind2="v">
      <marc:subfield code="a">QV 020</marc:subfield>
      <marc:subfield code="b">Soziologische Aspekte des Arbeitnehmers</marc:subfield>
      <marc:subfield code="k">Wirtschaftswissenschaften</marc:subfield>
      <marc:subfield code="k">Arbeitnehmerfragen (Labor Economics)</marc:subfield>
      <marc:subfield code="k">Soziologische Aspekte des Arbeitnehmers</marc:subfield>
      <marc:subfield code="0">(DE-627)1271509695</marc:subfield>
      <marc:subfield code="0">(DE-625)rvk/142135:</marc:subfield>
      <marc:subfield code="0">(DE-576)201509695</marc:subfield>
    </marc:datafield>
    <marc:datafield tag="936" ind1="r" ind2="v">
      <marc:subfield code="a">MS 5000</marc:subfield>
      <marc:subfield code="b">Arbeitsbeziehungen, Streik, Mitbestimmung</marc:subfield>
      <marc:subfield code="k">Soziologie</marc:subfield>
      <marc:subfield code="k">Spezielle Soziologien</marc:subfield>
      <marc:subfield code="k">Wirtschafts-, Industrie- und Techniksoziologie</marc:subfield>
      <marc:subfield code="k">Arbeitsbeziehungen, Streik, Mitbestimmung</marc:subfield>
      <marc:subfield code="0">(DE-627)1271441268</marc:subfield>
      <marc:subfield code="0">(DE-625)rvk/123721:</marc:subfield>
      <marc:subfield code="0">(DE-576)201441268</marc:subfield>
    </marc:datafield>
    <marc:datafield tag="936" ind1="s" ind2="n">
      <marc:subfield code="a">m200</marc:subfield>
      <marc:subfield code="2">mzub</marc:subfield>
    </marc:datafield>
    <marc:datafield tag="936" ind1="s" ind2="n">
      <marc:subfield code="a">q100</marc:subfield>
      <marc:subfield code="2">mzub</marc:subfield>
    </marc:datafield>
    <marc:datafield tag="936" ind1="s" ind2="n">
      <marc:subfield code="a">g100</marc:subfield>
      <marc:subfield code="2">mzub</marc:subfield>
    </marc:datafield>
    <marc:datafield tag="951" ind1=" " ind2=" ">
      <marc:subfield code="a">BO</marc:subfield>
    </marc:datafield>
  </marc:record>
</marc:collection>
